Aplikácia podmienok mezopického videnia v oblasti verejného osvetlenia
Salvato in:
| Autore principale: | |
|---|---|
| Altri autori: | |
| Natura: | Manoscritto Libro |
| Lingua: | slovacco |
| Pubblicazione: |
Bratislava :
STU v Bratislave FEI,
2013
|
| Soggetti: | |
| Accesso online: | VAIS |
| Tags: |
Nessun Tag, puoi essere il primo ad aggiungerne!!
|
MARC
| LEADER | 00000ntm a22000003a 4500 | ||
|---|---|---|---|
| 001 | stu275101 | ||
| 005 | 20150617230237.4 | ||
| 008 | 130928s2013----xo------------------slo-d | ||
| 040 | |a STU |b slo | ||
| 041 | 0 | |a slo | |
| 044 | |a xo | ||
| 100 | 1 | |a Maslaňák, Tomáš, |d 1989- |4 aut |u E |T FEI Fakulta elektrotechniky a informatiky |X 56088 |U E |Y 30 |7 A000056088 | |
| 242 | 0 | 0 | |a Application of conditions of mesopic vision in the public lighting |y eng |
| 245 | 1 | |a Aplikácia podmienok mezopického videnia v oblasti verejného osvetlenia | |
| 260 | |a Bratislava : |b STU v Bratislave FEI, |c 2013 | ||
| 300 | |a 76 s |c DVD | ||
| 650 | 7 | |a Elektroenergetika |2 stusub | |
| 650 | 7 | |a Power Engineering |2 estusub | |
| 700 | 1 | |a Gašparovský, Dionýz, |d 1971- |4 ths |u E020 |U FEI Fakulta elektrotechniky a informatiky |T FEI Ústav elektroenergetiky a aplikovanej elektrotechniky |X 1935 |U E020 |Y 548 |7 A000001935 | |
| 856 | 4 | |a info a plný text |u http://is.stuba.sk/zp/portal_zp.pl?podrobnosti=92378 |3 VAIS | |
| 996 | |b 284EP10764 |c E*DIPL-10764 |l EE32 |s P |a 0 |w stu275101_0001 | ||